000 00660cam a22002053a 4500
001 26572
003 PGUSA
005 20140828083555.0
008 080910s2008||||xxu|||||s|||||000 | eng d
040 _aPGUSA
_beng
042 _adc
100 1 _aMüller, F. Max
_q(Friedrich Max),
_d1823-1900
245 1 0 _aChips From A German Workshop. Vol. III. :
_bEssays on Literature, Biography, and Antiquities
_h[electronic resource] /
_cF. Max Müller
260 _bProject Gutenberg,
_c2008
506 _aPublic domain in the USA.
516 _aElectronic text
830 0 _aProject Gutenberg
_v26572
856 4 0 _uhttp://www.gutenberg.org/ebooks/26572
942 _cEB
999 _c255827
_d255827